000 01235pam a2200325 a 4500
999 _c3875
_d3875
001 3979727
003 GZU
005 20210310105411.0
008 950629s1996 enk b 001 0 eng
010 _a 95031070
020 _a0631195114 (acidfree paper)
020 _a0631195122 (pbk. : acidfree paper)
040 _aDLC
_cDLC
_dDLC
050 0 0 _aP302
_b.STU 1996
082 0 0 _a401/.41
_220
100 1 _aStubbs, Michael,
_d1947-
245 1 0 _aText and corpus analysis :
_bcomputer-assisted studies of language and culture /
_cMichael Stubbs.
260 _aOxford, OX, UK ;
_aCambridge, Mass., USA :
_bBlackwell Publishers,
_cc1996.
300 _axix, 267 p. ;
_c23 cm.
490 1 _aLanguage in society ;
_v23
504 _aIncludes bibliographical references (p. [245]-258) and indexes.
650 0 _aDiscourse analysis.
650 0 _aDiscourse analysis
_xData processing.
650 0 _aLanguage and culture.
650 0 _aEnglish language
_xModality.
830 0 _aLanguage in society (Oxford, England) ;
_v23.
906 _a7
_bcbc
_corignew
_d1
_eocip
_f19
_gy-gencatlg
942 _2lcc
_cBK
_h302
_iSTU
_kP